000 00301nam a22001337a 4500
008 170801b xxu||||| |||| 00| 0 eng d
020 _a0619021012
041 _aeng
080 _a004
100 _a32
101 _aSHK
245 _aCARE AND FEEDING OF THE CYBERSTUDENT 2000
_cCOU
942 _2udc
_cBK
999 _c22379
_d22379